| 000 | 00834cam a2200289 i 4500 | ||
|---|---|---|---|
| 001 | 24836 | ||
| 003 | Mx-PuUPA | ||
| 005 | 20241015151309.0 | ||
| 008 | 140415s2018 mx gr 000 0 spa d | ||
| 020 | _a9786078522187 | ||
| 040 |
_aMx-PuUPA _bspa _cMx-PuUPA _dMx-PuUPA _erda |
||
| 041 | _aspa | ||
| 100 | 1 | _a | |
| 245 | 1 | 0 |
_aCódigo de comercio : _bcomentado, anotado & comparado |
| 250 | _aPrimera edición | ||
| 264 | 1 |
_aCd. de Méx. : _bGallardo Ediciones, _c2018 |
|
| 300 |
_a623 páginas ; _c24 cm |
||
| 336 |
_2rdacontent _atexto _btxt |
||
| 337 |
_2rdamedia _asin medio _bn |
||
| 338 |
_2rdacarrier _avolumen _bnc |
||
| 502 | _a | ||
| 650 | 7 |
_2armarc _a _913986 |
|
| 942 |
_2ddc _cLI _hxx _ixx _n |
||
| 999 |
_c24836 _d24836 |
||